OPAC Home

මංකොල්ලකරුවන් පැහැරගත් ළමයා (Record no. 43467)

MARC details
000 -LEADER
fixed length control field 00642nam a2200193Ia 4500
008 - FIXED-LENGTH DATA ELEMENTS--GENERAL INFORMATION
fixed length control field 121001t2007 xxu||||| |||| 00| 0 sin d
041 ## - LANGUAGE CODE
Language code of text/sound track or separate title Sinhala; Sinhalese
080 ## - UNIVERSAL DECIMAL CLASSIFICATION NUMBER
Universal Decimal Classification number 8 - 3 (Youth)
Item number SAT
942 ## - ADDED ENTRY ELEMENTS (KOHA)
Koha item type Books
003 - CONTROL NUMBER IDENTIFIER
control field LK-CoDNM
040 ## - CATALOGING SOURCE
Original cataloging agency LK-CoDNM
Modifying agency LK-CoDNM
Description conventions LK-CoDNM
100 ## - MAIN ENTRY--PERSONAL NAME
Personal name Stevenson,Robert Louis
700 ## - ADDED ENTRY--PERSONAL NAME
Personal name Satharasinghe,Sudarman
Relator term translater
245 ## - TITLE STATEMENT
Title මංකොල්ලකරුවන් පැහැරගත් ළමයා
246 ## - VARYING FORM OF TITLE
Title proper/short title Mankollakaruwan Paharagath Lamaya
260 ## - PUBLICATION, DISTRIBUTION, ETC. (IMPRINT)
Place of publication, distribution, etc. Akura Book Publishers
-- Meegamuwa
Date of publication, distribution, etc. 2007
300 ## - PHYSICAL DESCRIPTION
Other physical details 111p, ill, 21 cm
500 ## - GENERAL NOTE
General note Sinhalese Translation of Robert Louis Stevenson's of Kidnapped
Holdings
Withdrawn status Lost status Damaged status Not for loan Collection code Permanent Location Current Location Date acquired Full call number Barcode Koha item type
        Translation Library National Museum Colombo - Sri Lanka Library National Museum Colombo - Sri Lanka 2012-10-01 8 - 3 (Youth) SAT P33339 Books
Copyright © 2023 Department of National Museum, Colombo 07, Sri Lanka Funded by UNESCO IFAP UNESCO